プロ野球スピリッツA(プロスピA) リアルタイム対戦野球盤の球種名 - Statistics

General Stats
  • This quiz has been taken 108 times
  • The average score is 22 of 28
Answer Stats
ピッチングマシン名 魂ボール 球種名 % Correct
マシンB 本格 スライダー
96%
マシンC 技巧 スライダー
96%
マシンD 速球 スライダー
96%
マシンA 軟投 ストレート(140㎞/h)
96%
マシンA 軟投 ストレート(150㎞/h)
96%
マシンB 本格 ストレート(150㎞/h)
96%
マシンC 技巧 ストレート(150㎞/h)
96%
マシンD 速球 ストレート(158㎞/h)
96%
マシンB 本格 ストレート(160㎞/h)
96%
マシンB 本格 カーブ
93%
マシンA 軟投 チェンジアップ
80%
マシンB 本格 チェンジアップ
80%
マシンA 軟投 カットボール
77%
マシンC 技巧 カットボール
77%
マシンD 速球 カットボール
77%
マシンA 軟投 ツーシームファスト(横)
75%
マシンD 速球 ツーシームファスト
75%
マシンA 軟投 SFF
72%
マシンB 本格 SFF
72%
マシンC 技巧 スラーブ(第一球種)
71%
マシンC 技巧 スラーブ(第二球種)
71%
マシンD 速球 シュート
68%
マシンA 軟投 サークルチェンジ
56%
マシンB 本格 高速シンカー
53%
マシンD 速球 縦スライダー
53%
マシンD 速球 高速シンカー
53%
マシンA 軟投 Ⅾカーブ
49%
マシンC 技巧 高速シュート
40%
No matching quizzes found
Score Distribution
Percent of People with Each Score
Percentile by Number Answered
Your Score History
You have not taken this quiz